000 00872nam a22002657a 4500
001 BR2010003349
003 BR-BrBNA
005 20230928103301.0
007 ta
008 230509b bl.||||| |||| 00| 0 por d
040 _aBR-BrBNA
_bpor
_cBiblioteca Nacional de Agricultura
041 _a(Por)
072 _aE14
090 _ E14 BR2010003349
110 1 _aMinistério do Desenvolvimento Agrário, Brasília, DF (Brasil). Conselho Nacional de Desenvolvimento Rural Sustentável
_97476
245 1 _aInstitucionalidades para gestão social do desenvolvimento rural sustentável
_bSérie documentos do CONDRAF, 1
260 3 _aBrasília, DF (Brasil):
_c2005.
300 _a78 p.
650 _aGESTÃO
650 _aDIRETRIZ
650 _aDESENVOLVIMENTO RURAL
650 _aDESENVOLVIMENTO SUSTENTÁVEL
909 _a202309
_bLucia
_c55
_dLucia Elande
942 _cBK
999 _c74432
_d74432